Η εικόνα της πόλης : οπτικές και θέσεις με φόντο την Αθήνα

Saved in:
Bibliographic Details
Other Authors: Καραβία, Τιτίκα (edtf), Πάσχου, Ηώ (edtf)
Format: Book
Language:Greek
Published: Αθήνα : Ποταμός, 2016.
Subjects:
Tags: Add Tag
No Tags, Be the first to tag this record!

MARC

LEADER 00000cam a2200000 a 4500
001 1/114790
008 170901s2016####gr a ||| |||| ||gre||
020 |a 9789605450687  
040 |a GR-MyUa  |b gre  |c GR-MyUa  |e AACR2 
041 0 |a gre 
082 7 |a 307.7609495   |2 (23) 
245 0 2 |a Η εικόνα της πόλης :   |b οπτικές και θέσεις με φόντο την Αθήνα /   |c επιστημονική επιμέλεια: Τιτίκα Καραβία, Ηώ Πάσχου.  
260 |a Αθήνα :   |b Ποταμός,   |c 2016.  
300 |a 263 σ. :   |b εικ. ;   |c 24 εκ.  
650 0 |a Metropolitan areas  |z Greece  |z Athens. 
650 0 |a City and town life  |z Greece  |z Athens. 
650 0 |a Street life  |z Greece  |z Athens. 
651 0 |a Athens (Greece)  |x In art. 
700 1 |a Καραβία, Τιτίκα,  |e edtf 
700 1 |a Πάσχου, Ηώ,  |e edtf 
852 |a INST  |b LESVOS  |e 20170901  |h 307.7609495 ΕΙΚ  |p 005100059958  |q 005100059958  |t BK  |y 0 
970 |a Τζαφέρη  |b Ευαγγελία  |z 01-09-2017